000 00215nam a22000857a 4500
008 170601b xxu||||| |||| 00| 0 eng d
100 _93219
_aBujjai
245 _aMy ganesha Chathurthi
260 _aNew Delhi
_bDevamala
_c2001
999 _c6532
_d6532